|
|
|
|
| LEADER |
00000nab a2200000 ar4500 |
| 001 |
vtls010353148 |
| 003 |
SK-MaSNL |
| 005 |
20260303093420.0 |
| 008 |
120420c2012 xo wr|p|||||||000 b|slo |
| 015 |
|
|
|a SNBRB2008
|2 pppk
|
| 038 |
|
|
|a PPPK
|
| 040 |
|
|
|a PPPKCL
|b slo
|c PPPKCL
|e AACR2
|
| 041 |
0 |
|
|a slo
|
| 044 |
|
|
|a xo
|c SK
|
| 080 |
|
|
|a 551.5
|2 2001
|
| 100 |
1 |
|
|a Nový, M.
|4 aut
|9 1104490
|
| 245 |
1 |
0 |
|a Deň otvorených dverí
|c M. Nový
|
| 300 |
|
|
|b Fotogr.
|
| 610 |
2 |
7 |
|a Slovenský hydrometeorologický ústav (Bratislava, Slovensko).
|b Aerologicko rádiačné centrum (Gánovce, Slovensko)
|2 pppkcl
|9 1097877
|
| 611 |
2 |
7 |
|a Deň otvorených dverí
|d (2011 :
|c Gánovce, Slovensko)
|2 snkbucl
|9 1104531
|
| 611 |
2 |
7 |
|a Svetový deň meteorológie
|d (2012)
|2 pppkcl
|9 1104532
|
| 650 |
0 |
7 |
|a meteorológia
|2 pppkcl
|9 873
|
| 651 |
|
7 |
|a Gánovce (Slovensko)
|2 pppkcl
|9 31196
|
| 651 |
|
7 |
|a Poprad (Slovensko)
|2 pppkcl
|9 20155
|
| 773 |
0 |
|
|t Podtatranský kuriér
|g Roč. II, č. 13 (2012), s. 8
|
| 852 |
|
|
|a PPPK
|b KIS3GCP
|
| 999 |
|
|
|c 1815549
|d 1817479
|